Statistics for Kpop 100 leaders

Click here to take the quiz!

General Stats

  • This quiz has been taken 1,513 times
  • The average score is 20 of 100

Answer Stats

#GroupLeader% Correct
1Big BangG-Dragon
91%
5ExoSuho
86%
19Bangtan BoysRapmonster
81%
2Girls' GenerationTaeyeon
79%
57Red VelvetIrene
76%
9SHINeeOnew
76%
102NE1CL
75%
34Got7JB
74%
32VIXXN
69%
53MamamooSolar
66%
7Super JuniorLeeteuk
62%
87IKONB.I
61%
75SeventeenS.Coups
61%
20F(x)Victoria
58%
41Block BZico
53%
74Monsta XShownu
52%
39AOAJimin
46%
13SistarHyorin
43%
17Miss ASuzy
39%
21ApinkChorong
37%
28BtoBEunkwang
37%
92GfriendSowon
32%
8InfiniteSunggyu
32%
45NU'ESTJR
31%
11B.A.PYongguk
31%
5WinnerSeungyoon
29%
3TVXQU-Know
26%
4BeastDoo joon
25%
38B1A4Jinyoung
25%
84CNBLUEYonghwa
24%
49EXIDSolji
22%
43Day6Sungjin
22%
80Epik HighTablo
21%
14Teen TopC.A.P
19%
44ShinhwaEric
19%
27Girl's DaySojin
19%
304MinuteJihyun
17%
24MBLAQSeungho
16%
522AMJo Kwon
14%
67Orange CaramelRaina
14%
72CLCSeunghee
14%
37KaraGyuri
12%
98LovelyzBaby Soul
11%
96GLAMJiyeon
11%
71Ladies CodeAshley
10%
50Brown Eyed GirlsJea
10%
46BoyfriendDonghyun
9%
93Oh My GirlHyojung
8%
48SecretHyosung
8%
42SS501Hyunjoong
8%
15U-KISSSoohyun
8%
16T-araSoyeon
8%
18Wonder GirlsSun Ye
8%
68Royal PiratesMoon
6%
62Cross GeneTakuya
6%
69RainbowJaekyung
5%
31UP10TIONJinhoo
5%
58100%Minwoo
5%
12Dal ShabetSerri
5%
86SpicaBoa
4%
100Big StarFeel Dog
4%
35DavichiHaeri
4%
82FiestarJei
4%
22After SchoolJungah
4%
59C-ClownRome
4%
60N.FlyingSeunghyub
4%
77HistoryKyungil
3%
89Topp DoggP-Goon
3%
73AprilSomin
3%
64Crayon PopSoyul
3%
65Hello VenusYooara
3%
33AlpaBATB:eta
2%
91B.I.GJ-Hoon
2%
23The ArkMinju
2%
94MadtownMoos
2%
26D-UnitRAM
2%
25Nine MusesSera
2%
70JJCCSimba
2%
85SonamooSumin
2%
90UniqSungjoo
2%
66StellarGayoung
1%
61WassupJinju
1%
40BTLJisu
1%
36ZE:ALee Hoo
1%
95LunaflySam
1%
63EvoLSay
1%
55Boys RepublicWonjun
1%
6LEDAppleYoungjun
1%
76Kiss&CryBohye
0%
831TYMHongjun
0%
782EYESHyangsuk
0%
97F-VE DOLLSHyoyoung
0%
79DMTNIniti
0%
54F.CuzJinon
0%
29F.T.IslandJongun
0%
47BIGFLOJungkyun
0%
88ChoColatMin Soa
0%
56M.PireTaehee
0%
81PurplayWoomi
0%
99AAWoosang
0%

Score Distribution

Percentile by Number Answered

Percent of People with Each Score

Your Score History

You have not taken this quiz